كتاب القول البديع في علم البديع / (رقم التسجيلة. 136408)

تفاصيل مارك
000 -الفاتح
عناصر البيانات ثابتة الطول 00874cam a2200217 i 4500
005 - تاريخ ووقت آخر معاملة
حقل ضبط 20260223102453.0
008 - عناصر البيانات ثابتة الطول
عناصر البيانات ثابتة الطول 250721s2013 ua gr 000 0 ara d
020 ## - الترقيم الدولي المعياري للكتب (ردمك)
الترقيم الدولي المعياري للكتب (ردمك) 9789773416034
082 14 - رقم تصنيف ديوي العشري
رقم التصنيف 414.3
رقم المادة ك ر م
100 1# - مدخل رئيسي – اسم شخصي
الاسم الشخصي الكرمي، مرعي بن يوسف
علاقة الشخص بالعمل/ دوره مؤلف.
245 10 - بيان العنوان
العنوان كتاب القول البديع في علم البديع /
بيان المسؤولية تأليف الشيخ الإمام العالم العلامة مرعي بن يوسف الكرمي؛ تحقيق محمد عثمان.
250 ## - بيان الطبعة
بيان الطبعة الطبعة الأولى.
264 31 - بيانات النشر، التوزيع…إلخ
مكان النشر، التوزيع...إلخ القاهرة :
اسم الناشر، الموزع...إلخ مكتبة الثقافة الدينية،
تاريخ النشر، التوزيع...إلخ 2013.
300 ## - الوصف المادي
عدد الوحدات المكونة للوعاء 165 صفحة.
650 17 - مدخل إضافي بالموضوع - مصطلح موضوعي
مصطلح موضوعي أو اسم جغرافي كعنصر مدخل اللغة العربية.
650 17 - مدخل إضافي بالموضوع - مصطلح موضوعي
مصطلح موضوعي أو اسم جغرافي كعنصر مدخل علم البلاغة.
650 17 - مدخل إضافي بالموضوع - مصطلح موضوعي
مصطلح موضوعي أو اسم جغرافي كعنصر مدخل علم البديع.
700 1# - مدخل إضافي - اسم شخصي
الاسم الشخصي عثمان، محمد
علاقة الشخص بالعمل/ دوره محقق.
942 ## - بيانات إضافية (كوها)
نوع التنصيف Dewey Decimal Classification
نوع المادة (كوها) كتب
المقتنيات
حالة السحب حالة الفقدان مصدر التصنيف حالة التلف غير قابل للإعارة المكتبة الرئيسية المكتبة الحالية موقع الرف تاريخ التزويد الرقم المتسلسل Total Checkouts رقم الإستدعاء الباركود تاريخ آخر ظهور تاريخ الفاتورة نوع المادة (كوها)
    Dewey Decimal Classification     المكتبة المركزية المكتبة المركزية الإعارة 28/07/2025 1662593   414.3 / ك ر م PLD00405772 28/07/2025 28/07/2025 كتب
    Dewey Decimal Classification     مكتبة أم قصير والمقابلين العامة مكتبة أم قصير والمقابلين العامة الإعارة 29/10/2017 1662595   414.3/كرم PLD00408214 28/07/2025 29/10/2017 كتب
    Dewey Decimal Classification     مكتبة الاميرة بديعة مكتبة الاميرة بديعة الإعارة 29/10/2017 1662597   414.3/كرم PLD00408216 28/07/2025 29/10/2017 كتب
    Dewey Decimal Classification     مكتبة الجويدة مكتبة الجويدة الإعارة 29/10/2017 1662594   414.3/كرم PLD00408212 28/07/2025 29/10/2017 كتب
    Dewey Decimal Classification     مكتبة حمزة العامة مكتبة حمزة العامة الإعارة 29/10/2017 1662596   414.3/كرم PLD00408215 28/07/2025 29/10/2017 كتب
Implemented & Customized by: BBB with SCIT (Smart Chains for Information Technology)

Powered by Koha